Katalog der Aegyptiaca der Völkerkundlichen Sammlung der Georg-August-Universität Göttingen /
محفوظ في:
مؤلفون آخرون:
التنسيق: كتاب
اللغة: German
منشور في:
Göttingen :
Völkerkundliche Sammlung des Instituts für Völkerkunde der Georg-August-Universität,
2004.
الموضوعات:
الوسوم: إضافة وسم
لا توجد وسوم, كن أول من يضع وسما على هذه التسجيلة!
رقم الطلب: DT59 .G64 K383 2004
| LEADER | 00851namaa2200229 4500 | ||
|---|---|---|---|
| 001 | 13473 | ||
| 003 | OSt | ||
| 005 | 20260517132641.0 | ||
| 008 | 130303s2004 gw af c 000 0 ger d | ||
| 020 | |a 3000162410 | ||
| 040 | |c ARCE Library | ||
| 043 | |a f-ua--- | ||
| 050 | 4 | |a DT59 .G64 K383 2004 | |
| 245 | 0 | 0 | |a Katalog der Aegyptiaca der Völkerkundlichen Sammlung der Georg-August-Universität Göttingen / |c Bearbeitet von Barbara Böhm. |
| 264 | 1 | |a Göttingen : |b Völkerkundliche Sammlung des Instituts für Völkerkunde der Georg-August-Universität, |c 2004. | |
| 300 | |a 141 pages, viii pages of plates : |b illustrations (some color) ; |c 24 cm. | ||
| 610 | 2 | 0 | |a Universität Göttingen. Institut für Völkerkunde |v Catalogs |
| 651 | 0 | |a Egypt |x Antiquities |v Catalogs. | |
| 700 | 1 | |a Böhm, Barbara. | |
| 901 | |a reviewed | ||
| 942 | |c BK |2 lcc | ||
| 999 | |c 12963 |d 12963 | ||
